愛称のある空港 - Statistics

General Stats
  • This quiz has been taken 197 times
    192 since last reset
  • The average score is 15 of 34
Answer Stats
空港 愛称 % Correct
中部国際空港 セントレア
85%
高知空港 高知龍馬空港
67%
釧路空港 たんちょう釧路空港
65%
山形空港 おいしい山形空港
65%
富山空港 富山きときと空港
64%
静岡空港 富士山静岡空港
63%
米子空港 米子鬼太郎空港
61%
鳥取空港 鳥取砂丘コナン空港
59%
出雲空港 出雲縁結び空港
59%
紋別空港 オホーツク紋別空港
58%
庄内空港 おいしい庄内空港
54%
宮崎空港 宮崎ブーゲンビリア空港
54%
帯広空港 とかち帯広空港
51%
松本空港 信州まつもと空港
51%
中標津空港 根室中標津空港
49%
岡山空港 岡山桃太郎空港
49%
花巻空港 いわて花巻空港
48%
徳島空港 徳島阿波おどり空港
45%
岩国飛行場 岩国錦帯橋空港
42%
能登空港 のと里山空港
41%
熊本空港 阿蘇くまもと空港
40%
但馬飛行場 コウノトリ但馬空港
39%
石見空港 萩・石見空港
37%
新石垣空港 南ぬ島石垣空港
30%
対馬空港 対馬やまねこ空港
28%
神戸空港 マリンエア
25%
種子島空港 コスモポート種子島
20%
徳之島空港 徳之島子宝空港
20%
福江空港 五島つばき空港
18%
大館能代空港 あきた北空港
17%
隠岐空港 隠岐世界ジオパーク空港
15%
大島空港 東京大島かめりあ空港
14%
沖永良部空港 えらぶゆりの島空港
14%
多良間空港 かりゆす多良間空港
4%
No matching quizzes found
Score Distribution
Percent of People with Each Score
Percentile by Number Answered
Your Score History
You have not taken this quiz since the last reset